000 01106nam a2200325Ia 4500
003 OSt
005 20221007125544.0
006 a|||||r|||| 00| 0
007 ta
008 221006b |||||||| |||| 00| 0 eng d
020 _a1588293831 (hbd)
_cRs.5915.70
024 _a15120
037 _b009, 30/06/2005, Dhanraj Book House
_cTextual
040 _aCDL
_cCDL
_beng
041 _2eng
_aeng
082 _aE9, P5 Carc
100 _aZhang Lixin Ed.
_9722111
245 0 _aNatural products: drug discovery and therapeutic medicine
_b Demain Arnold L Ed.
260 _aNew
_bJersey Humana Press
_c2005
300 _axiv, 382p.
_ccm.
500 _aIncludes bibliographical references; Index 371-382p.
650 _a Biological factors-therapeutic
_9722112
650 _a Biological products
_9722113
650 _a Drug design
650 _a Pharmacognosy
_9713083
650 _aChemistry
700 _a Demain Arnold L Ed.
942 _hE9, P5 Carc
_cTEXL
_2CC
999 _c1215492
_d1215492